000 00499nam a2200181Ia 4500
008 100917s9999 xx 000 0 und d
082 _b65406
100 _aआठल्ये अनिल
245 _aबाहुलं
260 _bगुलमोहर पब्लिकेशन्स
_c1984
300 _a203
365 _b32
520 _aकादंबरी
630 _aबाहुलं
650 _aकादंबरी
730 _aबाहुलं
942 _cBOOK
999 _c670800
_d670797